Nicholas Hoult Filmography - Statistics

General Stats
  • This quiz has been taken 63 times
    26 since last reset
  • The average score is 19 of 73
Answer Stats
Type Year Name % Correct
Film 2025 Superman
87%
Film 2011 X-Men: First Class
80%
Film 2024 Nosferatu
73%
Film 2014 X-Men: Days of Future Past
73%
Film 2019 Dark Phoenix
67%
Film 2015 Mad Max: Fury Road
67%
Film 2022 The Menu
67%
Film 2013 Warm Bodies
60%
Film 2002 About a Boy
53%
Film 2024 Juror #2
53%
Commercial 2016 Sky Fibre - X-Men Apocalypse - Television Advertisement
53%
Film 2016 X-Men: Apocalypse
53%
Film 2018 Deadpool 2
47%
TV Show 2007-2008 Skins
47%
Web Series 2020-2023 The Great
47%
Film 2019 Tolkien
47%
Film 2013 Jack the Giant Slayer
40%
Film 2023 Renfield
40%
Film 2018 The Favourite
40%
Film 2009 A Single Man
33%
Film 2010 Clash of the Titans
33%
Film 2024 The Garfield Movie
33%
Film 2021 Those Who Wish Me Dead
33%
Film 2015 Dark Places
27%
Film 2016 Equals
27%
Film 2006 KiDULTHOOD
27%
Music Video 2023 Mess It Up
27%
Film 2017 Sand Castle
27%
Film 2024 The Order
27%
Film 2005 The Weather Man
27%
TV Mini-Series 2018 Watership Down
27%
TV Show 1996 Casualty
20%
TV Film 2007 Coming Down the Mountain
20%
Film 2015 Kill Your Friends
20%
Film 2017 Rebel in the Rye
20%
TV Show 2012 Robot Chicken
20%
Film 2020 The Banker
20%
Film 2017 The Current War
20%
Film 2019 True History of the Kelly Gang
20%
Film 2005 Wah-Wah
20%
Film 2014 Young Ones
20%
TV Show 1997 Brass Eye
13%
Film 2016 Collide
13%
TV Show 2001 Doctors
13%
TV Show 2001 Holby City
13%
Film 2026 How to Rob a Bank
13%
Film 1996 Intimate Relations
13%
Film 2017 Newness
13%
Short Film 2011 Rule Number Three
13%
TV Show 1998 Silent Witness
13%
TV Show 2000 The Bill
13%
TV Show 2008 Wallander
13%
TV Show 2025 AEW Dynamite
7%
Web Series 2020-2021 Crossing Swords
7%
Video Game 2010 Fable III
7%
TV Show 2024 Jeopardy!
7%
TV Show 2002 Judge John Deed
7%
TV Show 2004 Keen Eddie
7%
Music Video 2010 Lez Be Friends
7%
TV Show 2001 Magic Grandad
7%
TV Film 1997 Mr. White Goes to Westminster
7%
TV Show 2002 Murder in Mind
7%
TV Show 2005 Mystery Hunters
7%
Audiobook 2007 Slam
7%
TV Show 1999 The Ruth Rendell Mysteries
7%
TV Show 2015 Top Gear
7%
Film 2016 Underdogs
7%
TV Show 2001 Waking the Dead
7%
TV Show 2001 World of Pub
7%
Commercial 2020 Emporio Armani - Together Stronger
0%
Commercial 2014-2015 Jaguar
0%
TV Show 2003 Star
0%
Commercial 2010 Tom Ford Eyewear
0%
No matching quizzes found
Score Distribution
Percent of People with Each Score
Percentile by Number Answered
Your Score History
You have not taken this quiz since the last reset